| 000 | 01256cad a22002175a 4500 | ||
|---|---|---|---|
| 001 | L141454 | ||
| 008 | 071126s2007 xxk f g f000 0 eng d | ||
| 035 | _a(Sirsi) u141454 | ||
| 041 | 0 | _aeng | |
| 050 | 0 | 4 | _a333.790941 $2 18 |
| 110 | 1 |
_aUnited Kingdom Parliament _bHouse of Lords _93232 |
|
| 245 | 0 | 0 |
_aClimate Change Bill 2007-08 _h[electronic resource] |
| 260 |
_aLondon _bHouse of Lords _c2007 |
||
| 520 | _aSets a target for 2050 to reduce greenhouse gas emissions, and provides a system of carbon budgeting. Establishes a Committee on Climate Change with powers to establish trading schemes for the purpose of limiting greenhouse gas emissions or to encourage activities reducing them. Sets out provisions for adaptation to climate change. Confers powers making schemes for providing financial incentives to produce less domestic waste and recycle more of what is produced. Amends the Energy Act 2004 in regard to renewable transport fuel obligations. | ||
| 590 | _aKA | ||
| 650 | 2 | 4 | _aENERGY ACT 2004 |
| 651 | 4 |
_aUnited Kingdom _y |
|
| 690 | _aENVIRONMENTAL AND LAND CONSULTANCY-SUSTAINABILITY | ||
| 856 | 4 | 0 |
_uhttps://services.parliament.uk/bills/2007-08/climatechangehl.html _zView the Bill free of charge at www.paliament.uk... |
| 942 | _n0 | ||
| 999 |
_c107673 _d107673 |
||